000 00595cam a22001814a 4500
020 _a0471388742 (cloth : alk. paper)
040 _cDLC
082 0 0 _a618 WIL 2003 A083 Or.
100 1 _aPhares, Vicky.
245 1 0 _aUnderstanding abnormal child psychology /
260 _aHoboken, N.J. :
_bWiley,
_cc2003.
300 _axv, 455 p. :
_bill. ;
_c26 cm.
650 0 _aChild psychopathology.
650 0 _aAdolescent psychopathology.
856 4 2 _uhttp://www.loc.gov/catdir/description/wiley035/2002034332.html
856 4 1 _uhttp://www.loc.gov/catdir/toc/wiley031/2002034332.html
942 _cEK
999 _c16026
_d16026